| 000 | 00912nam a22003137a 4500 | ||
|---|---|---|---|
| 001 | BR0801783 | ||
| 003 | BR-BrBNA | ||
| 005 | 20230928102600.0 | ||
| 007 | ta | ||
| 008 | 230509b bl.||||| |||| 00| 0 por d | ||
| 040 |
_aBR-BrBNA _bpor _cBiblioteca Nacional de Agricultura |
||
| 041 | _a(Eng) | ||
| 072 | _aSem Cat Prim; L73 | ||
| 090 | _ BR0801783 | ||
| 100 | 1 | _aFreitas, T.R.P. | |
| 100 | 1 | _aGaspar, L.P. | |
| 100 | 1 | _aCaldas, L.A. | |
| 100 | 1 | _aSilva, J.L. | |
| 100 | 1 | _aRabello, M.A. | |
| 245 | 1 | _aInactivation of classical swine fever virus: association of hydrostatic pressure and ultraviolet irradiation | |
| 260 | 3 |
_aRio de Janeiro, RJ (Brasil): _c2003. |
|
| 300 | _a7 p. | ||
| 500 | _aReprint of Journal of Virological Methods, 108 (2003), p. 205-211 | ||
| 650 | _aPESTE SUINA | ||
| 650 | _aVIRUS | ||
| 650 | _aIRRADIAÇÃO | ||
| 909 |
_a202309 _bLucia _c55 _dLucia Elande |
||
| 942 | _cBK | ||
| 999 |
_c71516 _d71516 |
||